| 000 | 01001nas a2200349 4500 | ||
|---|---|---|---|
| 001 | BR2011003962 | ||
| 003 | BR-BrBNA | ||
| 005 | 20231205115511.0 | ||
| 007 | ta | ||
| 008 | 230509b bl.|||p| |||| 00| 00por d | ||
| 040 |
_aBR-BrBNA _bpor _cBiblioteca Nacional de Agricultura |
||
| 041 | _a(Pt) | ||
| 072 | _aL73 | ||
| 100 | 1 | _aRibeiro, L.G.R. | |
| 100 | 1 | _aDamasceno, K.A. | |
| 100 | 1 | _aCosta Neto, J.M. | |
| 100 | 1 | _aD'Assis, M.J.M.H. | |
| 100 | 1 | _aCosta, A.T. | |
| 100 | 1 | _aSilva, N.S. | |
| 100 | 1 | _aAguiar, P.H.P. | |
| 100 | 1 | _aCassali, G.D. | |
| 100 | 1 | _aEstrela-Lima, A. | |
| 245 | 1 | _aExpressão da COX-2 nos carcinomas mamários de cadelas | |
| 246 | 1 | _aExpression of COX-2 in canine mammary tumors | |
| 650 | _aCÃO | ||
| 650 | _aTUMOR | ||
| 650 | _aCARCINOMA | ||
| 650 | _aNEOPLASIA | ||
| 773 | 0 |
_tVeterinária em Foco (Brazil) _xISSN 1679-5237 _g(Jan-Jun 2009), v. 6(2) p. 134-139 _wBR2011003962 |
|
| 909 |
_a202311 _bLúcia _c55 _dLúcia Elande |
||
| 942 |
_2AGRIS _n0 _cANA |
||
| 999 |
_c214123 _d214123 |
||